Trouvez les pays frontaliers - Brésil - Statistiques

Statistiques générales
  • Ce quiz a été pris 52 fois
  • Le résultat moyen est 9 sur 10
Statistiques - réponses
Longueur de leur frontière commune Pays % Correct
1261 km Argentine
100%
1644 km Colombie
100%
2199 km Venezuela
98%
1366 km Paraguay
93%
2995 km Pérou
93%
1069 km Uruguay
93%
1606 km Guyana
91%
730 km France (Guyane)
89%
593 km Suriname
87%
3423 km Bolivie
85%
Aucun quiz correspondant
Distribution des résultats
% des personnes avec chaque résultat
Percentile par nombre de réponses
Votre historique - résultats
Vous n’avez pas pris ce quiz